000 00890nam a2200253 a 4500
001 000021652
005 20200930011411.0
008 100909s1993 mx ad 001 0 spa d
020 _a968880245X
040 _aDO-SdBNP
_bspa
_cBNPHU
082 _a547
_bW119q, 1993
100 1 _aWade, L. G.
_d1947-
_945048
245 1 0 _aQuímica orgánica /
_cL. G. Wade Jr. ; traducción de Virgilio González Pozo ; revisión técnica María del Carmen Doria Serrano.
250 _a2a ed.
260 _aMéxico :
_bprentice-Hall Hispanoamericana,
_c1993.
300 _axxxi, 1312 p. :
_bil., diag. ;
_c26 cm.
500 _aIncluye índice alfabético.
650 4 _aQuímica orgánica
_915418
650 4 _aQuímica orgánica
_vPROBLEMAS, EJERCICIOS, ETC.
_945049
700 1 _aGonzález Pozo, Virgilio,
_etr.
_945050
700 1 _aDoria Serrano, María Del
_945051
910 _aWM
049 _aBNGR
999 _c21151
_d21151